Le top 10 des pays les plus touchés par les catastrophes naturelles - Statistiques

Statistiques générales
  • Ce quiz a été pris 104 fois
  • Le résultat moyen est 6 sur 10
Statistiques - réponses
% Correct
5 Chine
86%
2 Indonésie
83%
1 Inde
81%
10 Brésil
59%
4 Philippines
59%
9 Mexique
58%
3 Pakistan
50%
6 Viêt Nam
44%
8 Bangladesh
43%
7 Madagascar
15%
Aucun quiz correspondant
Distribution des résultats
% des personnes avec chaque résultat
Percentile par nombre de réponses
Votre historique - résultats
Vous n’avez pas pris ce quiz